| 000 | 00864nam a2200193 a 4500 | ||
|---|---|---|---|
| 003 | 0 | ||
| 005 | 20250620113318.0 | ||
| 008 | 021121s19uu xx 00 eng d | ||
| 050 |
_aPHS BF 723.B5 _b.B47 2000 |
||
| 100 | _aBernardo, Marsha Kristel L. | ||
| 245 |
_aThe Effects of sibling order on the academic performance and social interaction of selected fourth year high school students of Southville International School : _bschool year 1999-2000 / _cMarsha Kristel L. Bernardo. |
||
| 260 |
_aLas PiƱas City, Philippines : _bSouthville International School and Colleges, _c2000. |
||
| 300 |
_a48 pages : _billustrations ; _c28 cm. |
||
| 504 | _aIncludes bibliographical references. | ||
| 650 |
_aBirth order _xPsychological aspects _zPhilippines. |
||
| 650 |
_aAcademic achievement _zPhilippines. |
||
| 650 |
_aSibling relations _zPhilippines. |
||
| 942 |
_2lcc _cPASS |
||
| 999 |
_c96329 _d96329 |
||